| 000 | 01067nam a2200241 i 4500 | ||
|---|---|---|---|
| 001 | bg | ||
| 245 | 0 | 0 |
_aZamówienia publiczne w Unii Europejskiej : _bdyrektywy dotyczące zamówień publicznych na usługi, dostawy i roboty budowlane / _c[red. i wprowadzenie Marian Lemke ; tł. i oprac. przekł. Andrzej Graś, Magdalena Koralewska-Zielińska, Dariusz Piasta] ; Urząd Zamówień Publicznych. |
| 260 |
_aWarszawa : _bUZP, _c1999. |
||
| 300 |
_a163 s. ; _c30 cm. |
||
| 504 | _aBibliogr. s. 56, regulacje krajowe członków Unii przy rozdz. | ||
| 650 | 9 |
_aBudownictwo _xprawo wspólnotowe europejskie _ystan na 1999 r. |
|
| 650 | 9 |
_aUsługi _xprawo wspólnotowe europejskie _ystan na 1999 r. |
|
| 650 | 9 |
_aZamówienia publiczne _xprawo wspólnotowe europejskie _ystan na 1999 r. |
|
| 700 | 1 |
_aLEMKE, Marian. _eRed. |
|
| 710 | 0 | _aUrząd Zamówień Publicznych | |
| 020 | _a8391155919 | ||
| 040 | _cBPK | ||
| 041 | 1 |
_apl _hen |
|
| 080 | _a351.712:349.442:347.45/.46](4-67) | ||
| 920 | _a83-911559-1-9 | ||
| 942 | _cKS | ||
| 008 | s pl f |000 0 pol | ||
| 999 |
_c39002 _d39002 |
||
| 856 |
_uhttp://koha.tu.koszalin.pl/cgi-bin/koha/opac-detail.pl?biblionumber=39002 _yKatalog online BPK |
||